000
00289nam a22001217a 4500
041
_a
ENG
100
_a
Dikshit Raja
245
_a
Adhunik Bharatacha Ani Chincha Etihas
260
_a
Pune
_b
Pragati Book
_c
2001
300
_a
244
650
_a
Competitive Exam
856
_u
Competitive Exam ( 35 )
999
_c
962
_d
962